|
|
|
|
| LEADER |
00000nam0a2200000 4500 |
| 001 |
123528 |
| 005 |
20231101215818.0 |
| 035 |
|
|
|a (RuTPU)RU\TPU\book\133707
|
| 090 |
|
|
|a 123528
|
| 100 |
|
|
|a 20071018d1984 e y0rusy50 ca
|
| 101 |
1 |
|
|a rus
|c geo
|
| 102 |
|
|
|a RU
|
| 105 |
|
|
|a a z 000gy
|
| 200 |
1 |
|
|a Витязь в тигровой шкуре
|e поэма
|e пер. с груз.
|f Ш. Руставели
|g пер. Н. Заболоцкий ; авт. предисл. И. Абашидзе
|
| 210 |
|
|
|a Москва
|c Просвещение
|d 1984
|
| 215 |
|
|
|a 207 с.
|c ил.
|
| 225 |
1 |
|
|a Школьная библиотека
|
| 606 |
1 |
|
|a Грузинская литература
|2 stltpush
|3 (RuTPU)RU\TPU\subj\8671
|9 36034
|
| 610 |
1 |
|
|a художественная литература
|
| 610 |
1 |
|
|a поэмы
|
| 675 |
|
|
|a 894.631
|v 3
|
| 700 |
|
1 |
|a Руставели
|b Ш.
|c грузинский поэт
|c мыслитель-гуманист
|f 12 век
|g Шота
|2 stltpush
|3 (RuTPU)RU\TPU\pers\13066
|9 3766
|
| 702 |
|
1 |
|a Заболоцкий
|b Н.
|4 730
|
| 702 |
|
1 |
|a Абашидзе
|b И.
|4 080
|
| 801 |
|
1 |
|a RU
|b 63413507
|c 20071018
|g PSBO
|
| 801 |
|
2 |
|a RU
|b 63413507
|c 20200608
|g RCR
|
| 942 |
|
|
|c BK
|